Das Recht des unehelichen Kindes und seiner Mutter im in-und Ausland (Record n. 210580)

Dettagli MARC
000 -LEADER
fixed length control field 00784nam a2200217Ia 4500
001 - CONTROL NUMBER
control field b646-24042 [2863]
003 - CONTROL NUMBER IDENTIFIER
control field IT-MiCISF
008 - FIXED-LENGTH DATA ELEMENTS--GENERAL INFORMATION
fixed length control field 161014s9999||||xx |||||||||||||| ||und||
040 ## - CATALOGING SOURCE
Original cataloging agency IT-MiCISF
Transcribing agency IT-MiCISF
041 ## - LANGUAGE CODE
Language code of text/sound track or separate title te
999 ## - SYSTEM CONTROL NUMBERS (KOHA)
Koha Dewey Subclass [OBSOLETE] si
100 ## - MAIN ENTRY--PERSONAL NAME
Personal name Webler Heinrich
240 ## - UNIFORM TITLE
Uniform title Das Recht des unehelichen Kindes und seiner Mutter im in-und Ausland
245 #0 - TITLE STATEMENT
Title Das Recht des unehelichen Kindes und seiner Mutter im in-und Ausland
Remainder of title Handbuch zur Verfolgung ihrer Rechtsanspruche mit Anhang internationale Abkommen
250 ## - EDITION STATEMENT
Edition statement 1a ed.
260 ## - PUBLICATION, DISTRIBUTION, ETC. (IMPRINT)
Place of publication, distribution, etc. Berlino
Name of publisher, distributor, etc. Carl Heymanns Verlag
Date of publication, distribution, etc. 1973
300 ## - PHYSICAL DESCRIPTION
Extent pp. 200
500 ## - GENERAL NOTE
General note / bambini-a-rischio, diritti-bambino, madre-nubile, legislazione, comparazione /
650 ## - SUBJECT ADDED ENTRY--TOPICAL TERM
Topical term or geographic name as entry element età-evolutiva
942 ## - ADDED ENTRY ELEMENTS (KOHA)
Koha item type LIBRO
957 ## -
-- 1
999 ## - SYSTEM CONTROL NUMBERS (KOHA)
-- 1
Dati di copia
Withdrawn status Lost status Damaged status Not for loan Home library Current library Date acquired Total Checkouts Full call number Date last seen Price effective from Koha item type Public note
    Buone Condizioni Not For Loan CISF - Milano CISF - Milano 14/10/2016   b646-24042 [2863] 14/10/2016 14/10/2016 LIBRO Data import 15.10.2016 / by Epidotti, Vaglietti
CREDITS: SOCIETA' SAN PAOLO Via A.Severo, 58 - ROMA (RM) & PERIODICI SAN PAOLO SRL Via Giotto, 36 MILANO & CISF Via Giotto, 36 MILANO & EDIZIONI SAN PAOLO SRL,  Piazza Soncino, 5 CINISELLO BALSAMO (MI) -- ITALY